000
00205nam a2200073Ia 4500
008
170817s9999 xx 000 0 und d
100
_a
Singh.Bharat
245
0
_a
Modern Teaching Of Exceptional Children
260
_b
Anmol Publications Delhi
999
_c
38897
_d
38897